| 000 | 00745nam a22002417a 4500 | ||
|---|---|---|---|
| 999 |
_c15811 _d15811 |
||
| 003 | AR-CdUCM | ||
| 008 | 190430b ||||| |||| 00| 0 spa d | ||
| 020 | _a978-84-9825-092-3 | ||
| 040 |
_aMUNICIPALIDAD PROVINCIAL DEL CUSCO _cBIBLIOTECA MUNICIPAL DEL CUSCO |
||
| 082 |
_aPI / 376.1 / _bG35 |
||
| 100 |
_aGeis, Patricia _933517 |
||
| 245 |
_aCoco y Tula Buenos modales : _bCon los niƱos / |
||
| 260 |
_aBarcelona : _bCombel, _c2006. |
||
| 300 |
_bIlustraciones, graficos, dibujos _c18 cm. |
||
| 500 | _aCuentos e historia | ||
| 650 |
_aCuento _94671 |
||
| 650 |
_aHistoria _9136 |
||
| 650 |
_aLiteratura _983 |
||
| 700 |
_aFolch, Sergio _934988 |
||
| 856 | _fwww.combeleditorial.com | ||
| 942 |
_2ddc _cLIBROS |
||
| 945 |
_apjha _d2019-04-30 |
||